000 00471nam a2200169Ia 4500
999 _c15206
_d15206
003 OSt
005 20201117151304.0
008 190216s9999||||xx |||||||||||||| ||und||
040 _coclc
082 _a428.24
_bGUL/W
100 _aGulati, O P
_96635
245 0 _aWrite Better English /
_cO P Gulati
250 _a10th Ed.
260 _bSudha Pubs Pvt Ltd,
_c2004.
_aNew delhi;
300 _a176p
942 _cBK
_2ddc
_h428.24
_iGUL/W
_k428.24
_mGUL/W